Sports Quiz

Random Sports Quiz

PESSCL Quiz Stats

 Plays Quiz not verified by Sporcle

Also try: NBA: Literally
Challenge
Share
Tweet
Embed
Score 0/18 Timer 05:00
0 Plays Today
18 strands all together x % Correct
Gifted and talented
100%
gifted and talented
100%
Club Links
80%
swimming
80%
school
80%
swimming
80%
Disability
60%
step into sport
60%
Coaching
40%
18 strands all together x % Correct
Specialist Sports college
40%
School Sports Partnership
40%
professional development
40%
Competition
20%
Pe and sport Investigation
20%
Extending acitivties
0%
leadership and volunteering
0%
0%
0%

You're not logged in!

Compare scores with friends on all Sporcle quizzes.
OR
Log In

You Might Also Like...

Show Comments

Extras

Created May 1, 2013ReportNominate

Top Quizzes Today


Score Distribution

Your Account Isn't Verified!

In order to create a playlist on Sporcle, you need to verify the email address you used during registration. Go to your Sporcle Settings to finish the process.

Report this User

Report this user for behavior that violates our Community Guidelines.

Details: